000 00383nam a2200145Ia 4500
008 100122s9999 xx 000 0 und d
082 _b61153
_a823
100 _aTWAIN MARK
245 _aTHE ADVENTURES OF TOM SAWYER
260 _bCATHAY BOOKS LIMITED
_c2002
300 _a252
630 _aTHE ADVENTURES OF TOM SAWYER
730 _aTHE ADVENTURES OF TOM SAWYER
942 _cBOOK
999 _c378216
_d378213